Countries That Have IKEA Stores - Statistics

General Stats
  • This quiz has been taken 396 times
  • The average score is 37 of 48
Answer Stats
Answer % Correct
United States of America
99%
Sweden
98%
United Kingdom
96%
Norway
95%
Australia
94%
Canada
94%
Finland
94%
Russia
94%
France
92%
Spain
92%
Austria
91%
Italy
91%
China
90%
Denmark
90%
Germany
90%
Japan
90%
Portugal
89%
Ireland
87%
Belgium
86%
Greece
86%
Poland
86%
Netherlands
85%
Switzerland
85%
Czech Republic
82%
Turkey
81%
Hungary
80%
Iceland
80%
Slovakia
80%
Croatia
76%
South Korea
76%
Romania
74%
Indonesia
71%
Bulgaria
69%
Saudi Arabia
69%
Israel
67%
Lithuania
67%
United Arab Emirates
67%
Egypt
66%
Thailand
64%
Malaysia
60%
Qatar
58%
Singapore
56%
Taiwan
56%
Kuwait
47%
Jordan
46%
Cyprus
44%
Morocco
44%
Dominican Republic
21%
No matching quizzes found
Score Distribution
Percent of People with Each Score
Percentile by Number Answered
Your Score History
You have not taken this quiz